=LDR 00000nam 2200000 4500 =001 INLIS000000000049009 =005 20230511124547 =035 ##$$a 0010-011700000000290 =008 230511################g##########0#ind## =020 ##$$a 978-602-8975-27-8 =040 ##$$a NBPDMAT =082 ##$$a 297.116 =090 ##$$a 297.116 $bMuh m =100 ##$$a Muhammad Albani =245 1#$$a Mukjizat Surat Al-Kahfi : $b :Senjata Ampuh Menghadapi Dahsyatnya Fitnah Dajjal di Akhir Zaman /$c /Muhammad Albani; Editor Abu Fairuz Mujtaba =250 ##$$a Cet. 2 =260 ##$$a Solo :$b Zamzam,$c 2016 =300 ##$$a 180 hlm. : $b Ilus ; $c 20.5 cm =650 #4$$a Keutamaan Al-Qur'an =850 ##$$a NBPDMAT =084 ##$$a 297.116 MUH m =504 ##$$a Bibliografi : hlm. 178 - 179 =504 ##$$a Biografi : hlm. 180 =990 ##$$a 21602436 =990 ##$$a 21602437 =990 ##$$a 21602438 =990 ##$$a 21602439 =990 ##$$a 21602440